[Event "CHN-chT"]
[Site "Qingdao"]
[Date "2024.04.05"]
[Round "4.2"]
[White "Chen, Qi B"]
[Black "Lan, Zilun"]
[Result "1-0"]
[WhiteElo "2469"]
[BlackElo "2308"]
[PlyCount "65"]
[EventDate "2024.04.02"]
[EventType "team-swiss"]
[EventRounds "9"]
[EventCountry "CHN"]
[SourceTitle "CB16_2024"]
[SourceDate "2024.04.17"]
[SourceVersion "1"]
[SourceVersionDate "2024.04.17"]
[SourceQuality "1"]
[WhiteTeam "Jiangsu"]
[BlackTeam "Zhejiang"]
[WhiteTeamCountry "CHN"]
[BlackTeamCountry "CHN"]

1. e4 e6 2. d4 d5 3. e5 c5 4. c3 Qb6 5. Nf3 Bd7 6. Be2 Bb5 7. dxc5 Bxc5 8. b4 Bf8 9. 0-0 Ne7 10. Bxb5+ Qxb5 11. a4 Qd7 12. Na3 Ng6 13. h4 Nc6 14. Re1 Be7 15. h5 Nf8 16. h6 gxh6 17. Bxh6 Rg8 18. Nc2 Rg6 19. Qd2 0-0-0 20. a5 d4 21. Ncxd4 Nxd4 22. Nxd4 f6 23. Bf4 fxe5 24. Bxe5 Qd5 25. f4 h5 26. Rad1 Bf6 27. Bxf6 Rxf6 28. Qe2 a6 29. c4 Qd7 30. Qxh5 Qe7 31. b5 Rxf4 32. bxa6 Rfxd4 33. Rxd4 1-0

[Event "Baden-Baden op"]
[Site "Baden-Baden"]
[Date "2024.02.11"]
[Round "4"]
[White "Chen, Qi B"]
[Black "Divry, Alexandre"]
[Result "1-0"]
[WhiteElo "2466"]
[BlackElo "1993"]
[PlyCount "95"]
[EventDate "2024.02.09"]
[EventType "swiss"]
[EventRounds "9"]
[EventCountry "GER"]
[SourceTitle "CB08_2024"]
[SourceDate "2024.02.21"]
[SourceVersion "1"]
[SourceVersionDate "2024.02.21"]
[SourceQuality "1"]

1. e4 c5 2. Nf3 e6 3. d4 cxd4 4. Nxd4 Nf6 5. Nc3 Nc6 6. Be2 Bb4 7. 0-0 Bxc3 8. bxc3 Nxe4 9. Nxc6 bxc6 10. Qd4 d5 11. Qxg7 Qf6 12. Qxf6 Nxf6 13. Re1 Ne4 14. c4 0-0 15. Ba3 Rd8 16. Bd3 f5 17. f3 Nc3 18. Be7 Re8 19. Bf6 dxc4 20. Bxc4 Nd5 21. Bd4 a5 22. Rab1 Kf7 23. a3 a4 24. Kf2 Re7 25. Bf1 Rd7 26. Be5 Raa7 27. c4 Ne7 28. Bc3 Rdb7 29. Bb4 Ng6 30. Ke3 e5 31. Kd2 Be6 32. Kc3 Rd7 33. Bc5 Ra5 34. Bf2 e4 35. Bb6 Ra8 36. fxe4 fxe4 37. Rb2 Kg8 38. Rxe4 Bf5 39. Rd4 Re7 40. Re2 Rf7 41. Rf2 Rb8 42. c5 Kg7 43. Bc4 Rf6 44. g4 Be6 45. Rxf6 Kxf6 46. Bxe6 Kxe6 47. Rd6+ Ke5 48. Rxg6 1-0

[Event "Qatar Masters op"]
[Site "Doha"]
[Date "2023.10.18"]
[Round "7"]
[White "Chen, Qi B"]
[Black "Ilamparthi, AR."]
[Result "1-0"]
[WhiteElo "2465"]
[BlackElo "2387"]
[PlyCount "89"]
[EventDate "2023.10.11"]
[EventType "swiss"]
[EventRounds "9"]
[EventCountry "QAT"]
[SourceTitle "Mega2024 Update 01"]
[Source "Chessbase"]
[SourceDate "2023.11.12"]
[SourceVersion "1"]
[SourceVersionDate "2023.11.12"]
[SourceQuality "1"]

1. e4 c5 2. Nf3 e6 3. g3 Nc6 4. Bg2 Nf6 5. d3 d6 6. 0-0 Be7 7. Re1 0-0 8. c3 Bd7 9. Nbd2 Qc7 10. a3 Ne5 11. Nf1 Bb5 12. c4 Ba6 13. b3 Nfd7 14. Bb2 Bf6 15. d4 cxd4 16. Nxd4 Nc5 17. Bc3 Rad8 18. Re3 Qb6 19. Rb1 d5 20. exd5 exd5 21. cxd5 Ncd3 22. h3 Qc5 23. Ba1 b6 24. f4 Nxf4 25. gxf4 Ng6 26. b4 Qd6 27. Nc6 Rde8 28. Rxe8 Rxe8 29. Bxf6 gxf6 30. b5 Bc8 31. Qd2 Nxf4 32. Re1 Rxe1 33. Qxe1 Nxg2 34. Qe8+ Kg7 35. Qxc8 Nf4 36. Qg4+ Kf8 37. Ne3 f5 38. Qg7+ Kxg7 39. Nxf5+ Kf6 40. Nxd6 Nxd5 41. Nxa7 Ke6 42. Nc4 Kd7 43. Kg2 Kc7 44. Nc6 Nc3 45. Nd4 1-0

[Event "Thailand op"]
[Site "Chiangmai"]
[Date "2023.07.02"]
[Round "7"]
[White "Wang, Shixu B"]
[Black "Chen, Qi B"]
[Result "1/2-1/2"]
[WhiteElo "2413"]
[BlackElo "2484"]
[PlyCount "39"]
[EventDate "2023.06.28"]
[EventType "swiss"]
[EventRounds "9"]
[EventCountry "THA"]
[SourceTitle "CBM 215 Extra"]
[Source "ChessBase"]
[SourceDate "2023.09.30"]
[SourceVersion "1"]
[SourceVersionDate "2023.09.30"]
[SourceQuality "1"]

1. d4 d5 2. c4 c6 3. cxd5 cxd5 4. Bf4 Nc6 5. e3 Nf6 6. Nc3 Bf5 7. Nf3 e6 8. Qb3 Bb4 9. Bb5 0-0 10. 0-0 Bxc3 11. Bxc6 Bxb2 12. Bxb7 Bxa1 13. Rxa1 Ne4 14. Rc1 Qb6 15. Bxa8 Rxa8 16. h3 Qxb3 17. axb3 a5 18. Ra1 Nc3 19. Bc7 a4 20. bxa4 1/2-1/2

[Event "Thailand op"]
[Site "Chiangmai"]
[Date "2023.06.29"]
[Round "3"]
[White "Chen, Kailin"]
[Black "Chen, Qi B"]
[Result "1/2-1/2"]
[WhiteElo "2060"]
[BlackElo "2484"]
[PlyCount "66"]
[EventDate "2023.06.28"]
[EventType "swiss"]
[EventRounds "9"]
[EventCountry "THA"]
[SourceTitle "CBM 215 Extra"]
[Source "ChessBase"]
[SourceDate "2023.09.30"]
[SourceVersion "1"]
[SourceVersionDate "2023.09.30"]
[SourceQuality "1"]

1. e4 c5 2. Nf3 d6 3. d4 cxd4 4. Nxd4 Nf6 5. Nc3 a6 6. g3 e6 7. Bg2 Be7 8. 0-0 Qc7 9. Be3 Nbd7 10. f4 Nb6 11. Kh1 Bd7 12. Qe2 Nc4 13. Bc1 Rc8 14. b3 Na5 15. Bb2 Nc6 16. Rad1 0-0 17. Nf3 Rfd8 18. Rfe1 Bf8 19. Nb1 b5 20. Rc1 Qb6 21. c4 Ng4 22. h3 Nf6 23. Kh2 Be8 24. Red1 h6 25. Nbd2 Nd7 26. Nf1 Nc5 27. Qe3 a5 28. cxb5 Qxb5 29. Nd4 Nxd4 30. Qxd4 e5 31. fxe5 Ne6 32. Qd5 Rc5 33. Qd3 Qxd3 1/2-1/2

[Event "Shaoxing Hua Yi Rapid Cup 2nd"]
[Site "Shaoxing"]
[Date "2023.05.30"]
[Round "3.1"]
[White "Wang, Hao"]
[Black "Chen, Qi B"]
[Result "1-0"]
[WhiteElo "2722"]
[BlackElo "2489"]
[PlyCount "153"]
[EventDate "2023.05.29"]
[EventType "k.o. (rapid)"]
[EventRounds "5"]
[EventCountry "CHN"]
[SourceTitle "CBM 214 Extra"]
[Source "ChessBase"]
[SourceDate "2023.07.31"]
[SourceVersion "1"]
[SourceVersionDate "2023.07.31"]
[SourceQuality "1"]

1. d4 Nf6 2. c4 e6 3. Nc3 Bb4 4. Qc2 d5 5. a3 Bxc3+ 6. Qxc3 Ne4 7. Qc2 c5 8. dxc5 Nc6 9. e3 Qa5+ 10. Bd2 Nxd2 11. Qxd2 dxc4 12. Bxc4 Qxc5 13. Rc1 Qe7 14. Nf3 0-0 15. 0-0 Bd7 16. b4 a6 17. e4 Rfd8 18. Qe3 Be8 19. e5 Rac8 20. Bd3 Nb8 21. Rxc8 Rxc8 22. Ng5 h6 23. Ne4 Bc6 24. Nd6 Rd8 25. f4 Bd5 26. Qb6 f6 27. Be4 Bxe4 28. Nxe4 fxe5 29. fxe5 Nc6 30. Nc5 Nxe5 31. Nxb7 Rb8 32. Qc5 Qxb7 33. Qxe5 Qb6+ 34. Kh1 Rd8 35. h3 Rd5 36. Qe4 Qd6 37. Qf3 Rd3 38. Qa8+ Kh7 39. Qe4+ Kg8 40. Re1 Rd1 41. a4 Rxe1+ 42. Qxe1 Qc6 43. Qd1 Kf7 44. Qf1+ Ke7 45. b5 axb5 46. axb5 Qc5 47. Qb1 Kd7 48. b6 Kc8 49. b7+ Kb8 50. Qa1 Kxb7 51. Qxg7+ Kc6 52. Qxh6 Qf5 53. Qc1+ Kd7 54. Qe3 Ke7 55. g4 Qf1+ 56. Kh2 Kf7 57. Kg3 Ke7 58. h4 Qh1 59. h5 Kd7 60. h6 Ke7 61. g5 Qh5 62. Qe5 Qh1 63. Qe3 Qh5 64. Qa7+ Kd6 65. Qg7 Qh1 66. Qf8+ Kd7 67. Qf7+ Kd6 68. Qf3 Qg1+ 69. Kh4 Ke7 70. Kh5 Qb1 71. Qf6+ Kd6 72. Qd4+ Ke7 73. Qg7+ Kd6 74. h7 Qh1+ 75. Kg6 Qe4+ 76. Kf7 Qb7+ 77. Kg8 1-0

[Event "CHN-chT"]
[Site "Hangzhou"]
[Date "2023.05.24"]
[Round "6.2"]
[White "Xiu, Deshun"]
[Black "Chen, Qi B"]
[Result "1/2-1/2"]
[WhiteElo "2514"]
[BlackElo "2489"]
[PlyCount "62"]
[EventDate "2023.05.19"]
[EventType "team-swiss"]
[EventRounds "9"]
[EventCountry "CHN"]
[SourceTitle "CBM 214 Extra"]
[Source "ChessBase"]
[SourceDate "2023.07.31"]
[SourceVersion "1"]
[SourceVersionDate "2023.07.31"]
[SourceQuality "1"]
[WhiteTeam "Beijing"]
[BlackTeam "Jiangsu"]
[WhiteTeamCountry "CHN"]
[BlackTeamCountry "CHN"]

1. e4 e5 2. Nf3 Nc6 3. Bb5 Nf6 4. 0-0 Nxe4 5. d4 Nd6 6. dxe5 Nxb5 7. a4 Nbd4 8. Nxd4 Nxd4 9. Qxd4 d5 10. exd6 Qxd6 11. Qe4+ Qe6 12. Qd4 Qd6 13. Qe3+ Be6 14. Nc3 a6 15. Rd1 Qc6 16. Rd3 Be7 17. Ne2 Bc4 18. Rd4 Be6 19. Rd3 Bc4 20. Rd1 Rd8 21. Rxd8+ Kxd8 22. Nd4 Qd7 23. Qc3 Bf6 24. Qxc4 Qxd4 25. Qxd4+ Bxd4 26. Bg5+ Kc8 27. c3 Bb6 28. Re1 f6 29. Bc1 Kd7 30. Kf1 Re8 31. Rxe8 Kxe8 1/2-1/2

[Event "Sunway Formentera op 2nd"]
[Site "Sant Ferran de ses Roques"]
[Date "2023.04.27"]
[Round "9"]
[White "Alsina Leal, Daniel"]
[Black "Chen, Qi B"]
[Result "1-0"]
[WhiteElo "2520"]
[BlackElo "2493"]
[PlyCount "103"]
[EventDate "2023.04.18"]
[EventType "swiss"]
[EventRounds "10"]
[EventCountry "ESP"]
[SourceTitle "CBM 213 Extra"]
[Source "ChessBase"]
[SourceDate "2023.05.31"]
[SourceVersion "1"]
[SourceVersionDate "2023.05.31"]
[SourceQuality "1"]

1. e4 e5 2. Nf3 Nc6 3. Bc4 Bc5 4. c3 Nf6 5. d4 exd4 6. e5 d5 7. Bb5 Ne4 8. cxd4 Bb6 9. Nc3 0-0 10. Be3 f5 11. exf6 Nxf6 12. Bxc6 bxc6 13. Ne5 Qd6 14. 0-0 c5 15. dxc5 Bxc5 16. Bxc5 Qxc5 17. Rc1 Qd6 18. Re1 Rb8 19. b3 Bf5 20. Na4 Ne4 21. Qd4 Rb4 22. Qb2 Bd7 23. Nxd7 Qxd7 24. f3 Nf6 25. Qc3 Rbb8 26. Qxc7 Rbc8 27. Qxd7 Nxd7 28. Red1 Nf6 29. Nc3 Rc5 30. Ne2 Rfc8 31. Rxc5 Rxc5 32. Nd4 Kf7 33. Kf2 Nd7 34. Ke3 Ne5 35. Kd2 Nc6 36. Nxc6 Rxc6 37. Rc1 Ra6 38. Rc7+ Kf6 39. a4 Rb6 40. Kc2 Re6 41. Rxa7 Re2+ 42. Kc3 Rxg2 43. b4 Rxh2 44. b5 d4+ 45. Kxd4 Rb2 46. Kc5 Rc2+ 47. Kb6 h5 48. a5 h4 49. a6 Rc8 50. Rd7 h3 51. a7 h2 52. Rd1 1-0

[Event "Sunway Formentera op 2nd"]
[Site "Sant Ferran de ses Roques"]
[Date "2023.04.25"]
[Round "7"]
[White "Chen, Qi B"]
[Black "Aditya, Mittal"]
[Result "1/2-1/2"]
[WhiteElo "2493"]
[BlackElo "2505"]
[PlyCount "182"]
[EventDate "2023.04.18"]
[EventType "swiss"]
[EventRounds "10"]
[EventCountry "ESP"]
[SourceTitle "CBM 213 Extra"]
[Source "ChessBase"]
[SourceDate "2023.05.31"]
[SourceVersion "1"]
[SourceVersionDate "2023.05.31"]
[SourceQuality "1"]

1. e4 e5 2. Nf3 Nc6 3. Bb5 Nf6 4. 0-0 Nxe4 5. Re1 Nd6 6. Nxe5 Be7 7. Bf1 Nf5 8. c3 Nxe5 9. Rxe5 d6 10. Re1 c5 11. d3 0-0 12. Nd2 Be6 13. Nf3 Bf6 14. g3 h6 15. Bg2 Qb6 16. Qc2 a5 17. Nd2 a4 18. Nc4 Qa6 19. Bf4 Rad8 20. a3 b5 21. Nd2 g5 22. Be3 Bg7 23. Nf1 Nxe3 24. Nxe3 d5 25. c4 dxc4 26. dxc4 bxc4 27. Bf1 Rd3 28. Rac1 Bd4 29. Nxc4 Rf3 30. Ne3 Qb6 31. Qe4 Rf6 32. Rc2 Kg7 33. Bd3 Rh8 34. Rd2 Qa5 35. Ree2 Qa8 36. Qxa8 Rxa8 37. Be4 Rb8 38. Nd5 Bxd5 39. Bxd5 Kf8 40. Rc2 Rd6 41. Bc4 Rdb6 42. Bd5 Rxb2 43. Bc6 Rxc2 44. Rxc2 Rb1+ 45. Kg2 Ra1 46. Bxa4 Rxa3 47. Bb5 Ke7 48. Bc4 Kf6 49. g4 Ra4 50. Kf3 Rb4 51. h3 Bb2 52. Ke4 Rb7 53. Kf3 Be5 54. Bd5 Rb5 55. Bc4 Rb8 56. Ra2 Rb4 57. Rc2 Ra4 58. Kg2 Bd6 59. Kf3 Ra3+ 60. Kg2 Be5 61. Bd5 Bd6 62. Bc4 Be7 63. Rc1 Ra7 64. Rc3 Bd6 65. Kf3 Be5 66. Rc2 Rd7 67. Bb5 Rd5 68. Bc6 Rd3+ 69. Ke2 Rxh3 70. Rxc5 h5 71. gxh5 Rxh5 72. f3 Rh2+ 73. Kd3 Bf4 74. Rc2 Rh8 75. Be4 Rd8+ 76. Ke2 Ke5 77. Rc5+ Kd4 78. Ra5 Rh8 79. Ra4+ Kc3 80. Ra3+ Kb4 81. Rd3 Rh2+ 82. Kf1 f6 83. Rd7 Kc3 84. Rd3+ Kc4 85. Rd8 Be5 86. Rd7 Rb2 87. Rd8 Bd4 88. Rc8+ Bc5 89. Rd8 Rb6 90. Kg2 Bd6 91. Kh3 Be5 1/2-1/2

[Event "Sunway Formentera op 2nd"]
[Site "Sant Ferran de ses Roques"]
[Date "2023.04.24"]
[Round "6"]
[White "Peralta, Fernando"]
[Black "Chen, Qi B"]
[Result "1/2-1/2"]
[WhiteElo "2592"]
[BlackElo "2493"]
[PlyCount "63"]
[EventDate "2023.04.18"]
[EventType "swiss"]
[EventRounds "10"]
[EventCountry "ESP"]
[SourceTitle "CBM 213 Extra"]
[Source "ChessBase"]
[SourceDate "2023.05.31"]
[SourceVersion "1"]
[SourceVersionDate "2023.05.31"]
[SourceQuality "1"]

1. d4 Nf6 2. c4 e6 3. Nc3 d5 4. cxd5 Nxd5 5. e4 Nxc3 6. bxc3 c5 7. Nf3 cxd4 8. cxd4 Bb4+ 9. Bd2 Bxd2+ 10. Qxd2 0-0 11. Bc4 Nd7 12. 0-0 b6 13. d5 Nc5 14. Qd4 exd5 15. exd5 Qd6 16. Rac1 Re8 17. Rfe1 Rxe1+ 18. Rxe1 Bb7 19. h4 h6 20. h5 b5 21. Bxb5 Qxd5 22. Re5 Qxd4 23. Nxd4 Ne4 24. Re7 Bd5 25. Bc6 Bxc6 26. Nxc6 Rc8 27. Rxe4 Rxc6 28. Ra4 a6 29. g4 g6 30. Ra5 gxh5 31. Rxh5 Rc4 32. f3 1/2-1/2

[Event "Sunway Formentera op 2nd"]
[Site "Sant Ferran de ses Roques"]
[Date "2023.04.22"]
[Round "5"]
[White "Chen, Qi B"]
[Black "Doluhanova, Evgeniya"]
[Result "1-0"]
[WhiteElo "2493"]
[BlackElo "2318"]
[PlyCount "53"]
[EventDate "2023.04.18"]
[EventType "swiss"]
[EventRounds "10"]
[EventCountry "ESP"]
[SourceTitle "CBM 213 Extra"]
[Source "ChessBase"]
[SourceDate "2023.05.31"]
[SourceVersion "1"]
[SourceVersionDate "2023.05.31"]
[SourceQuality "1"]

1. d4 Nf6 2. c4 e6 3. Nc3 Bb4 4. a3 Bxc3+ 5. bxc3 0-0 6. e3 b6 7. Bd3 d5 8. cxd5 exd5 9. f3 Ba6 10. Ne2 c5 11. 0-0 Re8 12. Ng3 Bxd3 13. Qxd3 Nc6 14. Bb2 Na5 15. e4 c4 16. Qc2 dxe4 17. fxe4 Ng4 18. Rf3 f6 19. Raf1 Nb3 20. Nf5 g6 21. Rg3 h5 22. h3 gxf5 23. Rxf5 Qc7 24. e5 Qh7 25. hxg4 h4 26. Rgf3 Re7 27. exf6 1-0

[Event "Menorca op 2nd"]
[Site "Ciutadella de Menorca"]
[Date "2023.04.15"]
[Round "7"]
[White "Warmerdam, Max"]
[Black "Chen, Qi B"]
[Result "1-0"]
[WhiteElo "2605"]
[BlackElo "2493"]
[PlyCount "101"]
[EventDate "2023.04.11"]
[EventType "swiss"]
[EventRounds "9"]
[EventCountry "ESP"]
[SourceTitle "CBM 213 Extra"]
[Source "ChessBase"]
[SourceDate "2023.05.31"]
[SourceVersion "1"]
[SourceVersionDate "2023.05.31"]
[SourceQuality "1"]

1. d4 Nf6 2. c4 e6 3. Nf3 d5 4. cxd5 exd5 5. Nc3 c6 6. Bf4 Bf5 7. e3 Be7 8. Nh4 Be6 9. Bd3 Ne4 10. Nf3 f5 11. Qb3 Qb6 12. Qc2 Nd7 13. 0-0 0-0 14. h3 Rae8 15. Rab1 Qd8 16. Bh2 g5 17. Ne2 Bf6 18. b4 Bf7 19. Nd2 Qe7 20. Nb3 Nb6 21. Na5 Bg7 22. Kh1 g4 23. Nf4 h5 24. f3 Nd6 25. Bxf5 Nxf5 26. Qxf5 gxh3 27. Nxh3 Be6 28. Qxh5 Bxh3 29. Qxh3 Qxe3 30. Nxb7 Nc4 31. b5 cxb5 32. Qh5 Nd2 33. Qxd5+ Qe6 34. Qxe6+ Rxe6 35. Rfe1 Rb6 36. Rbd1 Nxf3 37. gxf3 Rxb7 38. Kg2 Rd7 39. Be5 Rc8 40. Rc1 Rc4 41. Kg3 Rd8 42. Rxc4 bxc4 43. Kf4 Bh6+ 44. Ke4 Rc8 45. f4 Kf7 46. Rh1 c3 47. Kd3 c2 48. Rc1 Ke6 49. Rxc2 Rxc2 50. Kxc2 Kd5 51. Kd3 1-0

[Event "Alicante Easter op 7th"]
[Site "La Nucia"]
[Date "2023.04.06"]
[Round "2"]
[White "Chen, Qi B"]
[Black "Rodriguez Redondo, Adhara"]
[Result "1/2-1/2"]
[WhiteElo "2493"]
[BlackElo "2126"]
[PlyCount "79"]
[EventDate "2023.04.05"]
[EventType "swiss"]
[EventRounds "9"]
[EventCountry "ESP"]
[SourceTitle "CBM 213 Extra"]
[Source "ChessBase"]
[SourceDate "2023.05.31"]
[SourceVersion "1"]
[SourceVersionDate "2023.05.31"]
[SourceQuality "1"]

1. e4 e5 2. Nf3 Nc6 3. Bb5 Nf6 4. d3 Bc5 5. Ba4 d6 6. 0-0 0-0 7. c3 a5 8. Re1 Ba7 9. h3 Ne7 10. d4 Ng6 11. Nbd2 c6 12. Bc2 Re8 13. Nf1 Nh5 14. Be3 Nhf4 15. Ng3 Qf6 16. Nf5 h6 17. Nh2 Bb8 18. Ng4 Qd8 19. Kh1 Nh4 20. Nxh4 Qxh4 21. Qf3 Bxg4 22. Qxg4 Qxg4 23. hxg4 Ne6 24. Rad1 Bc7 25. Rd2 Bb6 26. Bb3 exd4 27. cxd4 a4 28. Bxe6 fxe6 29. Rc2 e5 30. dxe5 Bxe3 31. Rxe3 dxe5 32. Rd3 Rad8 33. Rcd2 Rxd3 34. Rxd3 Kf7 35. g3 g5 36. Rd7+ Re7 37. Rd8 Re8 38. Rd7+ Re7 39. Rd8 Re8 40. Rd7+ 1/2-1/2

[Event "CHN-chT"]
[Site "Nanjing"]
[Date "2023.02.22"]
[Round "9.1"]
[White "Bu, Xiangzhi"]
[Black "Chen, Qi B"]
[Result "1/2-1/2"]
[WhiteElo "2698"]
[BlackElo "2496"]
[PlyCount "63"]
[EventDate "2023.02.14"]
[EventType "team-swiss"]
[EventRounds "9"]
[EventCountry "CHN"]
[SourceTitle "CBM 212 Extra"]
[Source "ChessBase"]
[SourceDate "2023.03.31"]
[SourceVersion "1"]
[SourceVersionDate "2023.03.31"]
[SourceQuality "1"]
[WhiteTeam "Shandong"]
[BlackTeam "Jiangsu"]
[WhiteTeamCountry "CHN"]
[BlackTeamCountry "CHN"]

1. d4 Nf6 2. Bg5 g6 3. Bxf6 exf6 4. e3 d5 5. c4 dxc4 6. Bxc4 Bd6 7. Nf3 0-0 8. 0-0 Nd7 9. Nc3 a6 10. Qc2 f5 11. e4 fxe4 12. Nxe4 Nb6 13. Bb3 Bf5 14. Rfe1 Re8 15. Re3 Kg7 16. Ne5 f6 17. Nf7 Qd7 18. Nfxd6 cxd6 19. Rae1 d5 20. Nc5 Rxe3 21. Rxe3 Bxc2 22. Nxd7 Nxd7 23. Re7+ Kf8 24. Rxd7 Bxb3 25. axb3 Rc8 26. g3 Rc2 27. Rxb7 Rxb2 28. Rb6 Ke7 29. Rxa6 Rxb3 30. Ra7+ Ke6 31. Rxh7 Rb4 32. Kf1 1/2-1/2

[Event "CHN-chT"]
[Site "Nanjing"]
[Date "2023.02.21"]
[Round "8.1"]
[White "Chen, Qi B"]
[Black "Wu, Yixing"]
[Result "1-0"]
[WhiteElo "2496"]
[BlackElo "1954"]
[PlyCount "51"]
[EventDate "2023.02.14"]
[EventType "team-swiss"]
[EventRounds "9"]
[EventCountry "CHN"]
[SourceTitle "CBM 212 Extra"]
[Source "ChessBase"]
[SourceDate "2023.03.31"]
[SourceVersion "1"]
[SourceVersionDate "2023.03.31"]
[SourceQuality "1"]
[WhiteTeam "Jiangsu"]
[BlackTeam "Shenzhen"]
[WhiteTeamCountry "CHN"]
[BlackTeamCountry "CHN"]

1. e4 e5 2. Nf3 Nc6 3. Bc4 Bc5 4. 0-0 Nf6 5. d3 0-0 6. Re1 a5 7. Bg5 h6 8. Bh4 g5 9. Bg3 d6 10. c3 Ba7 11. Na3 Nh7 12. Nc2 Kh8 13. d4 f5 14. exf5 e4 15. Nd2 d5 16. Bb3 Bxf5 17. Ne3 Be6 18. f3 exf3 19. Nxf3 Nf6 20. Ne5 Ne7 21. N3g4 Nxg4 22. Nxg4 Bxg4 23. Qxg4 Ng6 24. Re6 Kg7 25. Rxg6+ Kxg6 26. Qe6+ 1-0

[Event "CHN-chT"]
[Site "Nanjing"]
[Date "2023.02.19"]
[Round "6.1"]
[White "Chen, Qi B"]
[Black "Xu, Yi"]
[Result "1/2-1/2"]
[WhiteElo "2496"]
[BlackElo "2510"]
[PlyCount "61"]
[EventDate "2023.02.14"]
[EventType "team-swiss"]
[EventRounds "9"]
[EventCountry "CHN"]
[SourceTitle "CBM 212 Extra"]
[Source "ChessBase"]
[SourceDate "2023.03.31"]
[SourceVersion "1"]
[SourceVersionDate "2023.03.31"]
[SourceQuality "1"]
[WhiteTeam "Jiangsu"]
[BlackTeam "Shanghai"]
[WhiteTeamCountry "CHN"]
[BlackTeamCountry "CHN"]

1. b3 e5 2. Bb2 Nc6 3. e3 g6 4. Bb5 Nge7 5. d4 exd4 6. Nf3 Bg7 7. Nxd4 0-0 8. Nxc6 dxc6 9. Qxd8 Rxd8 10. Bxg7 Kxg7 11. Bd3 Nd5 12. Kd2 f5 13. Nc3 Be6 14. Nxd5 cxd5 15. Ke2 c6 16. Rac1 Kf6 17. Rhd1 h6 18. c4 dxc4 19. Bxc4 Bxc4+ 20. Rxc4 Rxd1 21. Kxd1 Rd8+ 22. Ke2 Rd5 23. h4 g5 24. hxg5+ hxg5 25. Rc1 a5 26. Rc4 g4 27. f3 gxf3+ 28. gxf3 Kg5 29. Rc1 Kf6 30. Rc4 Kg5 31. Rc1 1/2-1/2